000 00726nam a2200241 ar4500
001 4118
005 20221127090859.0
006 a a 000 0
008 150303 su a | 000 0|eng d
090 _aSP-P
100 1 _aAl Muhaisen, Mohammad.
245 1 0 _aPalace lobby furnished apartment units /
_cby Mohammad Al Muhaisen.
260 _c2012.
300 _a61 leaves :
_bIllustrations ;
_c30 cm.
500 _aSupervisor: Dr. Paul Taylor.
504 _aIncludes bibl. references.
526 0 _aStudent project.
563 _aSpiral binding.
650 4 _aBusiness enterprises
_zSaudi Arabia.
650 4 _aApartments
_zSaudi Arabia.
650 4 _aHousing management.
650 4 _aHotels
_xEconomic aspects.
999 _c4116
_d4116